| 000 | 00642nam a22002177a 4500 | ||
|---|---|---|---|
| 999 |
_c7578 _d7578 |
||
| 003 | OSt | ||
| 005 | 20211208133721.0 | ||
| 008 | 211208b ||||| |||| 00| 0 eng d | ||
| 020 | _a9780071310703 | ||
| 040 | _cddc | ||
| 082 | _a658.15 COR 2011 | ||
| 100 |
_aStephen A. Ross; Randolph W. Westerfield; Jeffrey F. Jaffe _915500 |
||
| 245 | _aCore Principles and Applications of Corporate Finance. | ||
| 250 | _a3rd ed. | ||
| 260 |
_a New York: _b McGraw-Hill Education; _cc2011 |
||
| 300 |
_a752p.: _bill; _c26cm, |
||
| 504 | _aIncludes index. | ||
| 650 |
_aCorporations -- Finance _915501 |
||
| 650 |
_aFinance. _95401 |
||
| 942 |
_2ddc _cBOOK |
||